Jsme venku z lesa.

Rozhovor s viceguvernérom ČNB. Zmenu menovej politiky v 2. polroku 1993 oznámila ČNB. Prebytok štátneho rozpočtu ČR za 1. polrok. Nárast úverov v podnikovej sfére. Úrokové sadzby sú príliš vysoké vo vzťahu k očakávanej inflácii, preto je potrebné peniaze "zlacniť". Dopyt po peniazoch doteraz prevyšu...

Descripción completa

Guardado en:
Detalles Bibliográficos
Autor principal: Vít, J.
Otros Autores: Šatavová, I.
Formato: Capítulo de libro
Lenguaje:checo
Materias:
Etiquetas: Agregar Etiqueta
Sin Etiquetas, Sea el primero en etiquetar este registro!

MARC

LEADER 00000naa a2200000 4500
001 r013614
005 20221205075638.5
041 0 |a cze 
044 |a CZ 
245 1 0 |a Jsme venku z lesa.  |c J. Vít, I. Šatavová 
520 |a Rozhovor s viceguvernérom ČNB. Zmenu menovej politiky v 2. polroku 1993 oznámila ČNB. Prebytok štátneho rozpočtu ČR za 1. polrok. Nárast úverov v podnikovej sfére. Úrokové sadzby sú príliš vysoké vo vzťahu k očakávanej inflácii, preto je potrebné peniaze "zlacniť". Dopyt po peniazoch doteraz prevyšuje ponuku. Reakcia obchodných bánk na zníženie diskontnej sadzby. Mechanizmus pomoci veriteľom bankrotujúcich podnikov, napr. odkúpenie pohľadávok bankrotujúceho podniku Konsolidačnou bankou. 
610 2 0 |a ČNB Praha 
610 2 0 |a politika menová 
610 2 0 |a inflácia 
610 2 0 |a rozpočet štátny 
610 2 0 |a Čechy 
610 2 0 |a 1993 
610 2 0 |a sadzby úrokové 
610 2 0 |a sadzby diskontné 
610 2 0 |a peniaze 
610 2 0 |a dopyt 
610 2 0 |a ponuka 
610 2 0 |a bankrot 
610 2 0 |a podnik 
610 2 0 |a trh peňažný 
100 1 |a Vít, J. 
700 1 |a Šatavová, I.